Kiepsko przetłumaczone państwa na język angielski - Statystyki

Ogólne statystyki
  • Ten quiz został rozwiązany 289 razy
  • Średni wynik to 10 z 17
Statystyki odpowiedzi
Kiepskie tłumaczenie Poprawna polska nazwa % Poprawnych
A Big Britain Wielka Brytania
100%
The Black Mountain Czarnogóra
89%
White Rus Białoruś
86%
Coast of Elephant Bone Wybrzeże Kości Słoniowej
86%
Jacob Kuba
84%
Hairs Włochy
82%
Republic of Green Cape Republika Zielonego Przylądka
80%
Cheese-Bia Serbia
79%
Jor-Denmark Jordania
74%
Ko-Old-Ka Kostaryka
71%
Dishes Dania
68%
The Smalls Mali
43%
Only-A Samoa
33%
And Crayfish Irak
30%
Cool (Nice) Czad
12%
Rubble, Me Gruzja
11%
Rhinitis Katar
7%
Nie znaleziono quizów pasujących do podanych kryteriów
Rozkład punktacji
Procent ludzi z każdym wynikiem
Percentyl według liczby udzielonych odpowiedzi
Twoja historia wyników
Nie rozwiązałeś tego quizu